| 000 | 00537nam a2200193 4500 | ||
|---|---|---|---|
| 001 | 136680 | ||
| 003 | ES-MaACL | ||
| 005 | 20230906195212.0 | ||
| 007 | t| | ||
| 008 | 070214s1979 sp r ||||1| spa d | ||
| 100 | 1 |
_aSagardía, Ángel. _9139049 |
|
| 245 | 1 | 0 |
_aRuperto Chapí / _cAngel Sagardia. |
| 260 |
_aMadrid : _bEspasa Calpe, _c1979. |
||
| 300 |
_a143 p. : _bil. ; _c18 cm. |
||
| 490 | 1 | _aClásicos de la música | |
| 830 | 0 |
_aClásicos de la música _9181484 |
|
| 852 |
_aES-MaACL _jA-10516 _bR.99733 |
||
| 999 |
_c136680 _d136680 |
||